000 00494nam a22002057a 4500
001 21561
005 20260314161606.0
008 260314b |||||||| |||| 00| 0 spa d
041 _aESP
082 _a330.1543
_bCH548 2006
100 _aChiang, Alpha C.
245 _aMétodos fundamentales de economía matemática
260 _a :
_b ,
_c2006
300 _a000 páginas :
_b ;
_c00 cm.
440 _a ;
650 _aGEN
654 _aCAN
700 _a;
942 _cLIB
_dJUS
_fJUS
_2ddc
999 _c21561
_d21561